00988nam a2200217Ia 4500003000400000005001700004008004100021040002100062041000800083082002500091110004500116245007600161260006400237300006100301505017000362650002900532650005000561942001200611999001700623952013000640OSt20210419110452.0210310s1996 wauab gr 000 0 spa d aCO-JMCRcCO-JMCR0 aspa04a382.917 /bB153i2232 aBanco Interamericano de Desarrollo9675010aIntegración y Comercio en AmericacBanco Interamericano de Desarrollo aWashington : bBanco interamericano de Desarrollo, c1996.  a[70] páginas bilustraciones y mapa a color ; c28 cm. aResumen y conclusiones. -- La evolución del comercio. -- La estructura arancelaria. -- Negociaciones comerciales. -- Desarrollo internacional. -- Apoyo del BAnco. 14aComercio exterior.9482024aComportamiento del comercio exterior. 936961 2ddccBK c11524d11524 00102ddc4070aCPLbCPLcGENd2018-04-15eDonacióno382.917 / B153ip430010901r2024-05-16 00:00:00tEj.1w2021-03-10yBK